000 00700nam a22002177a 4500
003 SISC
005 20160606092138.0
008 130228t xxu||||| |||| 00| 0 eng d
020 _a9789712361685
050 _aHF 5691
_b.C164 2012
082 _aFIL 332.82
_bY8 2000
100 _aCalmorin, Laurentina Paler.
245 _aMathematics of investment :
_bwith computer application /
_cLaurentina Paler-Calmorin, Helen A. Malubay, Marylilibeth Paler-Deloso.
260 _aManila :
_bRex Book Store,
_c2012.
300 _aix, 301 pages ;
_c26 cm.
500 _aIncludes bibliographical references and index.
526 _c1210L-1700L
562 _e1
942 _2lcc
_cBK
_kFIL
999 _c295591
_d295591